Regional strategy for environmental protection and rational use of natural resources in ECE member countries covering the period up to the year 2000 and beyond : (Record no. 2848)

MARC details
000 -LEADER
fixed length control field 01016nam a2200253 a 4500
001 - CONTROL NUMBER
control field 2936651
003 - CONTROL NUMBER IDENTIFIER
control field OSt
005 - DATE AND TIME OF LATEST TRANSACTION
control field 20230627114137.0
008 - FIXED-LENGTH DATA ELEMENTS--GENERAL INFORMATION
fixed length control field 900309s1988 nyu i000 0 eng
010 ## - LIBRARY OF CONGRESS CONTROL NUMBER
LC control number 89209977
020 ## - INTERNATIONAL STANDARD BOOK NUMBER
International Standard Book Number 9211164311
040 ## - CATALOGING SOURCE
Original cataloging agency DLC
Transcribing agency DLC
Modifying agency DLC
043 ## - GEOGRAPHIC AREA CODE
Geographic area code e------
050 00 - LIBRARY OF CONGRESS CALL NUMBER
Classification number HC240.9.E5
Item number U55 1988
082 00 - DEWEY DECIMAL CLASSIFICATION NUMBER
Classification number 363.7/07/094
Edition number 20
Item number UNP
110 2# - MAIN ENTRY--CORPORATE NAME
Corporate name or jurisdiction name as entry element United Nations.
Subordinate unit Economic Commission for Europe.
245 10 - TITLE STATEMENT
Title Regional strategy for environmental protection and rational use of natural resources in ECE member countries covering the period up to the year 2000 and beyond :
Remainder of title as adopted by the Economic Commission for Europe at its forty-third session (1988) in decision E (43) /
Statement of responsibility, etc. Economic Commission for Europe.
260 ## - PUBLICATION, DISTRIBUTION, ETC. (IMPRINT)
Place of publication, distribution, etc. New York :
Name of publisher, distributor, etc. United Nations,
Date of publication, distribution, etc. 1988.
300 ## - PHYSICAL DESCRIPTION
Extent iv, 52 p. ;
Dimensions 21 cm.
650 #0 - SUBJECT ADDED ENTRY--TOPICAL TERM
Topical term or geographic name as entry element Environmental policy
Geographic subdivision Europe.
650 #0 - SUBJECT ADDED ENTRY--TOPICAL TERM
Topical term or geographic name as entry element Renewable natural resources
Geographic subdivision Europe
General subdivision Management.
906 ## - LOCAL DATA ELEMENT F, LDF (RLIN)
a 7
b cbc
c orignew
d 3
e ncip
f 19
g y-gencatlg
942 ## - ADDED ENTRY ELEMENTS (KOHA)
Source of classification or shelving scheme Dewey Decimal Classification
Koha item type Books
Holdings
Withdrawn status Lost status Source of classification or shelving scheme Damaged status Not for loan Home library Current library Date acquired Total Checkouts Full call number Barcode Date last seen Price effective from Koha item type
    Dewey Decimal Classification     County Hall Archives County Hall Archives 06/27/2023   363.7/07/094 UNP 10002273 06/27/2023 06/27/2023 Books
LIBRARY OPENING HOURS

When the Parliament is sitting: 8.00a.m - 7.00p.m or until the house adjourns
Mondays and Fridays and when the House is on Recess:  8.00a.m - 5.00p.m
Closed on Weekends and Public Holidays

Online Public Access Catalog (OPAC)
Website: http://www.parliament.go.ke
Bunge Library: https://libraryir.parliament.go.ke
Contact: library@parliament.go.ke | Tel no: (254-2)2221291 or 2848000 Ext 5043